Normal view MARC view
  • INDUSTRIAL SAFETY. LAW AND LEGISLATION- UNITED STATES, INDUSTRIAL SAFETY UNITED STATES. PLANT MAINTENANCE- UNITED STATES.MAINTENANCE MANAGEMENT REGULATORY STRATEGIES

Entry Topical Term

Number of records used in: 1

001 - CONTROL NUMBER

  • control field: 65493

003 - CONTROL NUMBER IDENTIFIER

  • control field: NUST

005 - DATE AND TIME OF LATEST TRANSACTION

  • control field: 20210628203436.0

008 - FIXED-LENGTH DATA ELEMENTS

  • fixed length control field: 210628|| aca||aabn | a|a d

040 ## - CATALOGING SOURCE

  • Original cataloging agency: NUST
  • Transcribing agency: NUST

150 ## - HEADING--TOPICAL TERM

  • Topical term or geographic name entry element: INDUSTRIAL SAFETY. LAW AND LEGISLATION- UNITED STATES, INDUSTRIAL SAFETY UNITED STATES. PLANT MAINTENANCE- UNITED STATES.MAINTENANCE MANAGEMENT REGULATORY STRATEGIES

670 ## - SOURCE DATA FOUND

  • Source citation: Work cat.: (NUST): Wireman, Terry 65492, Maintenance management and regulatory compliance strategies, 2003
© 2023 Central Library, National University of Sciences and Technology. All Rights Reserved.